[Event "Robecchetto op-B 26th"]
[Site "Robecchetto"]
[Date "2015.07.26"]
[Round "5"]
[White "Biava, Pierluigi"]
[Black "Torretta, Gilberto"]
[Result "1-0"]
[WhiteElo "1588"]
[BlackElo "1648"]
[PlyCount "103"]
[EventDate "2015.07.24"]
[EventType "swiss"]
[EventRounds "5"]
[EventCountry "ITA"]
[SourceTitle "EXT 2023"]
[Source "ChessBase"]
[SourceDate "2022.10.05"]
[SourceVersion "1"]
[SourceVersionDate "2022.10.05"]
[SourceQuality "1"]

1. e4 e5 2. f4 exf4 3. Nf3 d6 4. Bc4 Nf6 5. 0-0 Nc6 6. d3 Be7 7. Bxf4 Bg4 8. c3 Qd7 9. b4 a6 10. Nbd2 Rd8 11. Qe2 b5 12. Bb3 Ne5 13. d4 Ng6 14. Qe3 0-0 15. Rae1 Qc8 16. e5 dxe5 17. Nxe5 Nxe5 18. Bxe5 Bh5 19. Qg3 Bg6 20. Bxc7 Rd7 21. Be5 Nh5 22. Qh3 Nf6 23. Rf3 Qc6 24. Ref1 Rfd8 25. g4 Rf8 26. Qg3 Kh8 27. h4 h5 28. Bxf6 Bxf6 29. g5 Bd8 30. Qf2 Qb7 31. Qe2 Qb8 32. R1f2 Re7 33. Re3 Rfe8 34. Rxe7 Rxe7 35. Qf3 Bc7 36. Kg2 Bh2 37. Qh3 Bf4 38. Nf3 Be4 39. Bc2 Bd5 40. Qf5 Bxf3+ 41. Rxf3 Re2+ 42. Rf2 Qb7+ 43. Kf1 Rxc2 44. Qxc2 Qh1+ 45. Ke2 Qxh4 46. Qe4 Qg4+ 47. Qf3 Qe6+ 48. Kd1 Bxg5 49. Qxf7 Qe3 50. Qxh5+ Bh6 51. Rf8+ Kh7 52. Qf5+ 1-0

[Event "Robecchetto op-B 26th"]
[Site "Robecchetto"]
[Date "2015.07.26"]
[Round "4"]
[White "Torretta, Gilberto"]
[Black "Poletto, Daniele"]
[Result "0-1"]
[WhiteElo "1648"]
[BlackElo "1712"]
[PlyCount "47"]
[EventDate "2015.07.24"]
[EventType "swiss"]
[EventRounds "5"]
[EventCountry "ITA"]
[SourceTitle "EXT 2023"]
[Source "ChessBase"]
[SourceDate "2022.10.05"]
[SourceVersion "1"]
[SourceVersionDate "2022.10.05"]
[SourceQuality "1"]

1. e4 c5 2. Nc3 Nc6 3. Nge2 e5 4. g3 g6 5. Bg2 Bg7 6. 0-0 Nge7 7. d3 0-0 8. Be3 d6 9. Qd2 Nd4 10. Rab1 Bh3 11. f4 Bxg2 12. Kxg2 f5 13. fxe5 dxe5 14. Bg5 Qd7 15. Bxe7 Qxe7 16. Nd5 Qd7 17. Ng1 fxe4 18. dxe4 Qg4 19. c3 Qxe4+ 20. Kh3 Qxd5 21. cxd4 cxd4 22. g4 Qxa2 23. Nf3 Rxf3+ 24. Rxf3 0-1

[Event "Robecchetto op-B 26th"]
[Site "Robecchetto"]
[Date "2015.07.25"]
[Round "3"]
[White "Torretta, Gilberto"]
[Black "Lo Curto, Andrea"]
[Result "1-0"]
[WhiteElo "1648"]
[BlackElo "1620"]
[PlyCount "104"]
[EventDate "2015.07.24"]
[EventType "swiss"]
[EventRounds "5"]
[EventCountry "ITA"]
[SourceTitle "EXT 2023"]
[Source "ChessBase"]
[SourceDate "2022.10.05"]
[SourceVersion "1"]
[SourceVersionDate "2022.10.05"]
[SourceQuality "1"]

1. e4 e6 2. d4 d5 3. exd5 exd5 4. c4 Nf6 5. Nc3 Be6 6. Bf4 c5 7. Nf3 Nc6 8. Qa4 Qb6 9. Nb5 Rc8 10. Be2 a6 11. Na3 cxd4 12. 0-0 Qxb2 13. Nc2 dxc4 14. Rfb1 b5 15. Rxb2 bxa4 16. Nfxd4 Nxd4 17. Nxd4 Bc5 18. Be3 Ke7 19. Rb7+ Nd7 20. Rd1 Bxd4 21. Bxd4 f6 22. Bc3 Rb8 23. Ra7 Ra8 24. Rb7 Rhb8 25. Rc7 Rc8 26. Rb7 Ke8 27. Re1 Rab8 28. Ra7 Rb6 29. Bg4 Ne5 30. Bxe6 Rxe6 31. Rxg7 h5 32. Rg8+ Kd7 33. Rxc8 Kxc8 34. f4 Kd7 35. fxe5 fxe5 36. Rxe5 Rxe5 37. Bxe5 Ke6 38. Bc3 Kd5 39. Kf2 Ke4 40. Ke2 h4 41. h3 Kf4 42. Kf2 Ke4 43. Bf6 Kd3 44. Bxh4 Kc2 45. Bf6 a3 46. h4 Kd2 47. h5 c3 48. Bxc3+ Kxc3 49. h6 Kb2 50. h7 Kxa2 51. h8Q Kb1 52. Qa8 a2 1-0

[Event "Robecchetto Spring 11th A"]
[Site "Robecchetto"]
[Date "2014.05.15"]
[Round "5"]
[White "Torretta, Gilberto"]
[Black "Serrao, Piergiorgio"]
[Result "1/2-1/2"]
[WhiteElo "1651"]
[BlackElo "1605"]
[PlyCount "34"]
[EventDate "2014.04.10"]
[EventType "swiss"]
[EventRounds "7"]
[EventCountry "ITA"]
[SourceTitle "EXT 2024"]
[Source "ChessBase"]
[SourceDate "2023.10.10"]
[SourceVersion "1"]
[SourceVersionDate "2023.10.10"]
[SourceQuality "1"]

1. e4 e6 2. d4 d5 3. Nd2 Nf6 4. Bd3 c5 5. e5 Nfd7 6. c3 Nc6 7. Ngf3 Qb6 8. Qb3 Qxb3 9. axb3 cxd4 10. cxd4 Nb4 11. Bb1 b6 12. 0-0 Ba6 13. Re1 Bd3 14. Re3 Bxb1 15. Rxb1 Be7 16. Rc3 Bd8 17. Nf1 Na2 1/2-1/2

[Event "Robecchetto Spring 11th A"]
[Site "Robecchetto"]
[Date "2014.04.10"]
[Round "1"]
[White "Cervini, Gian Piero"]
[Black "Torretta, Gilberto"]
[Result "1-0"]
[WhiteElo "1806"]
[BlackElo "1651"]
[PlyCount "69"]
[EventDate "2014.04.10"]
[EventType "swiss"]
[EventRounds "7"]
[EventCountry "ITA"]
[SourceTitle "EXT 2024"]
[Source "ChessBase"]
[SourceDate "2023.10.10"]
[SourceVersion "1"]
[SourceVersionDate "2023.10.10"]
[SourceQuality "1"]

1. e4 e5 2. Nf3 Nc6 3. d4 exd4 4. Bc4 d6 5. Nxd4 Nf6 6. Nc3 Be7 7. 0-0 0-0 8. Be3 Bd7 9. f4 Nxd4 10. Bxd4 Bc6 11. Qe2 h6 12. Rad1 Re8 13. e5 Bf8 14. Qf2 Ng4 15. Qg3 h5 16. Be2 Nh6 17. Bxh5 Nf5 18. Qf2 Nxd4 19. Rxd4 Re6 20. Bf3 Qe7 21. Nd5 Bxd5 22. Bxd5 dxe5 23. fxe5 Rh6 24. Qxf7+ Qxf7 25. Rxf7 Kh8 26. Rxc7 Rd8 27. Rd3 Rb6 28. Rxb7 Bc5+ 29. Kf1 Rf8+ 30. Rf3 Rxf3+ 31. gxf3 Rg6 32. e6 Rg1+ 33. Ke2 Rg2+ 34. Kd3 Rg5 35. Kc4 1-0

[Event "Lombardia-ch Seniors"]
[Site "Robecchetto"]
[Date "2013.12.28"]
[Round "2"]
[White "Torretta, Gilberto"]
[Black "Cillo, Angelo"]
[Result "0-1"]
[WhiteElo "1630"]
[BlackElo "1755"]
[PlyCount "84"]
[EventDate "2013.12.27"]
[EventType "swiss"]
[EventRounds "6"]
[EventCountry "ITA"]
[SourceTitle "EXT 2017"]
[Source "ChessBase"]
[SourceDate "2016.10.25"]
[SourceVersion "1"]
[SourceVersionDate "2016.10.25"]
[SourceQuality "1"]

1. e4 e5 2. Nf3 Nc6 3. Bb5 a6 4. Ba4 Nf6 5. 0-0 Nxe4 6. Re1 Ng5 7. Bxc6 dxc6 8. d4 Ne6 9. Nxe5 Be7 10. c3 0-0 11. Be3 f6 12. Nd3 b6 13. Nd2 c5 14. Qb3 Kh8 15. d5 Bb7 16. c4 Ng5 17. h4 Nf7 18. Nf4 Bc8 19. Ne4 f5 20. Ng3 Bxh4 21. Ngh5 Nd6 22. Qc3 Bf6 23. Nxf6 Qxf6 24. Qd2 Nxc4 25. Qe2 Nxe3 26. Qxe3 Bd7 27. Qg3 Rae8 28. Ne6 Bxe6 29. dxe6 Rxe6 30. Qxc7 Rfe8 31. Red1 Qh4 32. Qf7 Qf6 33. Qb7 a5 34. g3 h5 35. Kg2 R8e7 36. Qf3 g6 37. Rh1 Re4 38. Rh2 Qxb2 39. Rah1 Re2 40. Rxh5+ gxh5 41. Rxh5+ Kg7 42. Qxf5 Rxf2+ 0-1

[Event "Lombardia-ch Seniors"]
[Site "Robecchetto"]
[Date "2013.12.27"]
[Round "1"]
[White "Brioschi, Camillo"]
[Black "Torretta, Gilberto"]
[Result "1/2-1/2"]
[WhiteElo "1793"]
[BlackElo "1630"]
[PlyCount "93"]
[EventDate "2013.12.27"]
[EventType "swiss"]
[EventRounds "6"]
[EventCountry "ITA"]
[SourceTitle "EXT 2017"]
[Source "ChessBase"]
[SourceDate "2016.10.25"]
[SourceVersion "1"]
[SourceVersionDate "2016.10.25"]
[SourceQuality "1"]

1. d4 Nf6 2. c4 g6 3. Nc3 Bg7 4. e4 d6 5. Be2 0-0 6. f4 c5 7. Nf3 cxd4 8. Nxd4 e5 9. Ndb5 Ne8 10. Nd5 a6 11. Nbc3 Nc6 12. 0-0 Nd4 13. Be3 f5 14. fxe5 dxe5 15. Bd3 Nd6 16. c5 Nxe4 17. Nb6 Nxc5 18. Bc4+ Be6 19. Bxe6+ Ncxe6 20. Nxa8 Qxa8 21. Qa4 b5 22. Qd1 Rd8 23. Rc1 b4 24. Na4 Qd5 25. b3 g5 26. Qe1 f4 27. Bd2 a5 28. Qf2 e4 29. Nb6 Qb7 30. Nc4 Nf3+ 31. gxf3 Bd4 32. Be3 fxe3 33. Nxe3 Qa7 34. Rce1 Nf4 35. Kh1 Nd3 36. Qe2 Nxe1 37. Rxe1 exf3 38. Qxf3 Bxe3 39. Rxe3 Qa8 40. Qxa8 Rxa8 41. Re5 h6 42. Kg2 Kg7 43. Kf3 Kf6 44. Rb5 Ra6 45. Kg4 Kg6 46. h3 h5+ 47. Kg3 1/2-1/2

[Event "ITA-ch Regionale Lombardia Seniores"]
[Site "Robecchetto"]
[Date "2012.12.29"]
[Round "5"]
[White "Torretta, Gilberto"]
[Black "Marchesotti, Giovanni"]
[Result "1-0"]
[WhiteElo "1675"]
[BlackElo "1561"]
[PlyCount "57"]
[EventDate "2012.12.27"]
[EventType "swiss"]
[EventRounds "6"]
[EventCountry "ITA"]
[SourceTitle "EXT 2024"]
[Source "ChessBase"]
[SourceDate "2023.10.10"]
[SourceVersion "1"]
[SourceVersionDate "2023.10.10"]
[SourceQuality "1"]

1. e4 c6 2. d4 d5 3. exd5 cxd5 4. c4 Nf6 5. Nc3 e6 6. Bf4 Nc6 7. c5 Nd7 8. Nf3 a6 9. a3 Be7 10. Bd3 0-0 11. b4 b5 12. h4 Re8 13. Ng5 g6 14. Nxh7 f5 15. Ng5 Nf6 16. h5 gxh5 17. Rxh5 Nxh5 18. Qxh5 Bxg5 19. Bxg5 Re7 20. Bf6 Kf8 21. 0-0-0 Qc7 22. Qh8+ Kf7 23. Rh1 Qf4+ 24. Kb2 Kg6 25. Bxe7 Qd2+ 26. Bc2 Nxe7 27. Qh7+ Kf6 28. Rh6+ Kg5 29. Qg7+ 1-0

[Event "ITA-ch Regionale Lombardia Seniores"]
[Site "Robecchetto"]
[Date "2012.12.28"]
[Round "2"]
[White "Torretta, Gilberto"]
[Black "Fantina, Carla"]
[Result "1-0"]
[WhiteElo "1675"]
[BlackElo "1451"]
[PlyCount "67"]
[EventDate "2012.12.27"]
[EventType "swiss"]
[EventRounds "6"]
[EventCountry "ITA"]
[SourceTitle "EXT 2024"]
[Source "ChessBase"]
[SourceDate "2023.10.10"]
[SourceVersion "1"]
[SourceVersionDate "2023.10.10"]
[SourceQuality "1"]

1. e4 d6 2. d4 Nf6 3. Nc3 g6 4. f3 Bg7 5. Bd3 0-0 6. Bg5 h6 7. Be3 e5 8. d5 Nbd7 9. Qd2 Kh7 10. h4 Nc5 11. 0-0-0 a6 12. Nh3 Nh5 13. g4 Nxd3+ 14. cxd3 Nf6 15. Rdg1 Rh8 16. Kb1 Kg8 17. h5 g5 18. Nxg5 hxg5 19. Bxg5 Qd7 20. h6 Nxe4 21. Nxe4 f5 22. hxg7 Qxg7 23. Nf6+ Kf7 24. Rxh8 Qxh8 25. Qg2 Qg7 26. gxf5 Bxf5 27. Ne4 Rg8 28. Kc2 b5 29. Kc3 Bxe4 30. dxe4 Qf8 31. Qg4 Qe8 32. Qf5+ Kg7 33. Qf6+ Kh7 34. Rh1+ 1-0

[Event "Robecchetto op "]
[Site "Robecchetto"]
[Date "2012.12.20"]
[Round "3"]
[White "Minore, Antonino"]
[Black "Torretta, Gilberto"]
[Result "0-1"]
[WhiteElo "1295"]
[BlackElo "1675"]
[PlyCount "34"]
[EventDate "2012.12.06"]
[EventType "swiss"]
[EventRounds "6"]
[EventCountry "ITA"]
[SourceTitle "EXT 2024"]
[Source "ChessBase"]
[SourceDate "2023.10.10"]
[SourceVersion "1"]
[SourceVersionDate "2023.10.10"]
[SourceQuality "1"]

1. e4 e5 2. Nf3 Nc6 3. Bc4 Nf6 4. d3 Be7 5. 0-0 0-0 6. h3 d5 7. exd5 Nxd5 8. Bxd5 Qxd5 9. c3 Be6 10. a3 Rad8 11. Ng5 Bc8 12. Qh5 Qxd3 13. Kh2 Bxg5 14. Bxg5 f6 15. Be3 Qxf1 16. g4 Rd1 17. Nd2 Qg1# 0-1

[Event "Robecchetto Autumn op 9th"]
[Site "Robecchetto"]
[Date "2012.10.11"]
[Round "2"]
[White "Minore, Antonino"]
[Black "Torretta, Gilberto"]
[Result "1-0"]
[WhiteElo "1295"]
[BlackElo "1675"]
[PlyCount "79"]
[EventDate "2012.10.04"]
[EventType "swiss"]
[EventRounds "7"]
[EventCountry "ITA"]
[SourceTitle "EXT 2024"]
[Source "ChessBase"]
[SourceDate "2023.10.10"]
[SourceVersion "1"]
[SourceVersionDate "2023.10.10"]
[SourceQuality "1"]

1. b3 c5 2. Bb2 d5 3. e3 Nf6 4. Be2 Nc6 5. c3 e5 6. d3 Be6 7. Nd2 b5 8. a3 Bd6 9. Qc2 Rc8 10. 0-0-0 0-0 11. f3 Qa5 12. g4 b4 13. a4 bxc3 14. Bxc3 Nb4 15. Qb2 Rc7 16. h4 Rb8 17. h5 Nd7 18. Nh3 Nb6 19. Bxb4 cxb4+ 20. Kb1 Rc3 21. Ng5 Bd7 22. d4 f6 23. Nh3 Rbc8 24. e4 exd4 25. exd5 d3 26. Bxd3 Rxd3 27. g5 Be5 28. Qa2 Nxa4 29. bxa4 Ra3 30. d6+ Qd5 31. Qxd5+ Kh8 32. Nc4 Bf5+ 33. Kc1 Ra1+ 34. Kd2 Bc3+ 35. Ke2 Ra2+ 36. Kf1 g6 37. h6 b3 38. d7 Rd8 39. Qf7 fxg5 40. Qe8+ 1-0

[Event "Robecchetto Spring op 9th"]
[Site "Robecchetto"]
[Date "2012.04.12"]
[Round "1"]
[White "Torretta, Gilberto"]
[Black "Nava, Mario"]
[Result "1-0"]
[WhiteElo "1676"]
[BlackElo "1368"]
[PlyCount "53"]
[EventDate "2012.04.12"]
[EventType "swiss"]
[EventRounds "7"]
[EventCountry "ITA"]
[SourceTitle "EXT 2024"]
[Source "ChessBase"]
[SourceDate "2023.10.10"]
[SourceVersion "1"]
[SourceVersionDate "2023.10.10"]
[SourceQuality "1"]

1. e4 c5 2. Nc3 e6 3. g3 Nc6 4. Bg2 g6 5. Nge2 Bg7 6. 0-0 Nf6 7. d3 0-0 8. Bg5 a6 9. Qd2 Qc7 10. a4 Nb4 11. h3 e5 12. f4 exf4 13. Nxf4 Qe5 14. Nfd5 Nbxd5 15. exd5 Qd6 16. Bxf6 Bxf6 17. Ne4 Bd4+ 18. Kh1 Qe7 19. c3 Bg7 20. Rae1 Qd8 21. d6 Kh8 22. Nxc5 Rb8 23. Re7 Kg8 24. Bd5 b6 25. Rexf7 Rxf7 26. Rxf7 bxc5 27. Rxd7+ 1-0

[Event "ITA-ch Lombardia Seniors"]
[Site "Robecchetto"]
[Date "2011.12.29"]
[Round "4"]
[White "Tamassia, Gabriele"]
[Black "Torretta, Gilberto"]
[Result "0-1"]
[WhiteElo "1733"]
[BlackElo "1668"]
[PlyCount "78"]
[EventDate "2011.12.27"]
[EventType "swiss"]
[EventRounds "6"]
[EventCountry "ITA"]
[SourceTitle "EXT 2024"]
[Source "ChessBase"]
[SourceDate "2023.10.10"]
[SourceVersion "1"]
[SourceVersionDate "2023.10.10"]
[SourceQuality "1"]

1. c4 Nf6 2. Nc3 g6 3. g3 Bg7 4. Bg2 0-0 5. d3 c6 6. e4 d6 7. Nge2 e5 8. 0-0 Bg4 9. f3 Be6 10. Be3 Nbd7 11. b4 Nh5 12. g4 Nf4 13. Qd2 g5 14. Ng3 Nf6 15. Nf5 Bxf5 16. exf5 d5 17. Bxf4 exf4 18. c5 d4 19. Ne4 Nd5 20. Rfe1 Be5 21. Nxg5 Ne3 22. Ne4 f6 23. Rac1 Rf7 24. Nd6 Bxd6 25. cxd6 Qxd6 26. a3 h5 27. h3 Rh7 28. Qa2+ Kg7 29. Qf2 Rah8 30. Rc2 hxg4 31. fxg4 f3 32. Rxe3 dxe3 33. Qxf3 Qxd3 34. Re2 Re8 35. b5 Qb1+ 36. Bf1 Qxb5 37. Rxe3 Qc5 38. Kf2 Kf8 39. Qe2 Rhe7 0-1

[Event "ITA-ch Lombardia Seniors"]
[Site "Robecchetto"]
[Date "2011.12.28"]
[Round "3"]
[White "Torretta, Gilberto"]
[Black "Ferri, Antonio"]
[Result "0-1"]
[WhiteElo "1668"]
[BlackElo "1449"]
[PlyCount "57"]
[EventDate "2011.12.27"]
[EventType "swiss"]
[EventRounds "6"]
[EventCountry "ITA"]
[SourceTitle "EXT 2024"]
[Source "ChessBase"]
[SourceDate "2023.10.10"]
[SourceVersion "1"]
[SourceVersionDate "2023.10.10"]
[SourceQuality "1"]

1. e4 d6 2. d4 Nf6 3. Nc3 g6 4. f3 Bg7 5. Be3 c6 6. Bd3 Nbd7 7. Nge2 e5 8. Qd2 0-0 9. g4 b5 10. Ng3 Nb6 11. b3 a5 12. dxe5 dxe5 13. g5 Nfd7 14. h4 a4 15. h5 Re8 16. hxg6 fxg6 17. Qh2 Nf8 18. Rd1 Qc7 19. Nce2 Nbd7 20. f4 exf4 21. Bxf4 Be5 22. Bxe5 Nxe5 23. Nd4 c5 24. Nxb5 Qa5+ 25. Ke2 Bg4+ 26. Ke3 Bxd1 27. Bc4+ Kh8 28. Qg1 Bxc2 29. Qf2 0-1

[Event "Robecchetto op 21th Autumn"]
[Site "Robecchetto"]
[Date "2010.10.14"]
[Round "2"]
[White "Colombo, Maurizio"]
[Black "Torretta, Gilberto"]
[Result "0-1"]
[WhiteElo "1775"]
[BlackElo "1692"]
[PlyCount "88"]
[EventDate "2010.10.07"]
[EventType "swiss"]
[EventRounds "7"]
[EventCountry "ITA"]
[SourceTitle "EXT 2024"]
[Source "ChessBase"]
[SourceDate "2023.10.10"]
[SourceVersion "1"]
[SourceVersionDate "2023.10.10"]
[SourceQuality "1"]

1. d4 Nf6 2. c4 g6 3. Nc3 Bg7 4. e4 0-0 5. Nf3 c5 6. d5 d6 7. Be2 e5 8. Bg5 Nbd7 9. Nd2 h6 10. Bh4 g5 11. Bg3 Nh7 12. Bg4 Ndf6 13. Bxc8 Rxc8 14. f3 Nh5 15. Bf2 f5 16. exf5 Nf4 17. g4 Nf6 18. Nde4 a6 19. a4 Qb6 20. Rb1 Qb4 21. b3 Nxe4 22. fxe4 Qxc3+ 23. Kf1 Qh3+ 24. Ke1 Qg2 25. Rg1 Qxe4+ 26. Kf1 Nh3 27. Rg3 Qh1+ 28. Ke2 Qxd1+ 29. Rxd1 Nxf2 30. Kxf2 e4 31. Ke3 Rce8 32. h3 Be5 33. Rgg1 Bf4+ 34. Ke2 e3 35. Rgf1 Re4 36. Rf3 Rfe8 37. Rd3 Rd4 38. Rf1 Ree4 39. Rfd1 Rxd3 40. Rxd3 Rd4 41. Rc3 Rd2+ 42. Kf1 e2+ 43. Ke1 Rb2 44. Rd3 Kf7 0-1

[Event "Lombardia Region-ch"]
[Site "Solaro"]
[Date "2010.05.30"]
[Round "4"]
[White "Franceschetti, Nando"]
[Black "Torretta, Gilberto"]
[Result "0-1"]
[WhiteElo "1872"]
[BlackElo "1701"]
[PlyCount "112"]
[EventDate "2010.05.28"]
[EventType "swiss"]
[EventRounds "5"]
[EventCountry "ITA"]
[SourceTitle "EXT 2024"]
[Source "ChessBase"]
[SourceDate "2023.10.10"]
[SourceVersion "1"]
[SourceVersionDate "2023.10.10"]
[SourceQuality "1"]

1. d4 Nf6 2. Nc3 g6 3. e4 d6 4. Be3 Bg7 5. Qd2 Ng4 6. Bf4 e5 7. dxe5 dxe5 8. Qxd8+ Kxd8 9. 0-0-0+ Bd7 10. Bg3 c6 11. Nf3 f6 12. h3 Nh6 13. Nd2 Nf7 14. Bc4 Nd6 15. Bb3 Ke7 16. f4 Na6 17. a3 Nc5 18. Ba2 Rad8 19. fxe5 fxe5 20. Bh4+ Bf6 21. Bxf6+ Kxf6 22. Rhf1+ Ke7 23. Nf3 Be6 24. Nd5+ cxd5 25. exd5 Bd7 26. Nxe5 Rhf8 27. Rfe1 Nce4 28. Nc4 Kf7 29. Ne5+ Kg7 30. Nf3 Rde8 31. Nd4 Nf2 32. Ne6+ Bxe6 33. dxe6 Nxd1 34. Rxd1 Nf5 35. g4 Ne3 36. Rd7+ Kf6 37. Rxb7 g5 38. Rxa7 Re7 39. Ra6 Rd8 40. b4 Rc7 41. Bb3 Ke7 42. Ra5 h6 43. Re5 Rd1+ 44. Kb2 Nc4+ 45. Bxc4 Rxc4 46. Re2 Rd6 47. Kb3 Rc8 48. Re3 Rxe6 49. Rd3 Rd6 50. Re3+ Kd7 51. Rf3 Kc7 52. a4 Kb7 53. c4 Rcd8 54. Kc3 Rd1 55. c5 Ra1 56. a5 Ra3+ 0-1

[Event "Lombardia Region-ch"]
[Site "Solaro"]
[Date "2010.05.29"]
[Round "3"]
[White "Torretta, Gilberto"]
[Black "Colombo, Luca"]
[Result "0-1"]
[WhiteElo "1701"]
[BlackElo "1911"]
[PlyCount "168"]
[EventDate "2010.05.28"]
[EventType "swiss"]
[EventRounds "5"]
[EventCountry "ITA"]
[SourceTitle "EXT 2024"]
[Source "ChessBase"]
[SourceDate "2023.10.10"]
[SourceVersion "1"]
[SourceVersionDate "2023.10.10"]
[SourceQuality "1"]

1. e4 c5 2. Nc3 Nc6 3. Nge2 g6 4. d4 cxd4 5. Nxd4 Bg7 6. Be3 d6 7. Be2 Nf6 8. f3 0-0 9. Qd2 Bd7 10. 0-0-0 Rc8 11. Kb1 Ne5 12. g4 Qa5 13. Nd5 Qxd2 14. Nxe7+ Kh8 15. Rxd2 Rce8 16. Nd5 Nxd5 17. exd5 Nxf3 18. Nxf3 Rxe3 19. h3 Rfe8 20. Bd1 f5 21. g5 a6 22. c3 f4 23. Nd4 Bxd4 24. Rxd4 f3 25. Rf4 Bf5+ 26. Kc1 Be4 27. Rf1 Bxd5 28. Bxf3 Bxf3 29. R4xf3 Rxf3 30. Rxf3 Kg7 31. Kd2 Re5 32. Rg3 Ra5 33. a3 Rb5 34. b4 Rf5 35. Kd3 Kf7 36. c4 Ke6 37. Re3+ Re5 38. Re4 b6 39. a4 d5 40. cxd5+ Kxd5 41. Rd4+ Ke6 42. h4 Rd5 43. Ke4 Re5+ 44. Kd3 b5 45. a5 Rf5 46. Re4+ Kd6 47. Rd4+ Kc6 48. Re4 Rf3+ 49. Re3 Rf7 50. Re4 Kd5 51. Rd4+ Ke5 52. Re4+ Kf5 53. Rd4 Rc7 54. Rd6 Rc4 55. Rd4 Rc1 56. Kd2 Rf1 57. Ke3 Re1+ 58. Kd2 Rg1 59. Kd3 Rg3+ 60. Ke2 Ke5 61. Rd7 Rg4 62. Re7+ Kf5 63. Rxh7 Rxb4 64. Ra7 Rxh4 65. Rxa6 Ra4 66. Ra8 Kxg5 67. a6 b4 68. Rb8 Rxa6 69. Rxb4 Rf6 70. Rb5+ Kg4 71. Rb8 g5 72. Rg8 Rf5 73. Ke1 Kg3 74. Rg7 g4 75. Rg8 Rf4 76. Rg7 Kg2 77. Rg8 g3 78. Rg7 Rh4 79. Rg8 Kh2 80. Kf1 Rf4+ 81. Ke2 g2 82. Rh8+ Kg1 83. Rg8 Rh4 84. Kf3 Rh2 0-1

[Event "Vanzaghello op-A 6th"]
[Site "Vanzaghello"]
[Date "2010.05.23"]
[Round "4"]
[White "Di Chiara, Mauro"]
[Black "Torretta, Gilberto"]
[Result "1-0"]
[WhiteElo "1935"]
[BlackElo "1701"]
[PlyCount "71"]
[EventDate "2010.05.21"]
[EventType "swiss"]
[EventRounds "5"]
[EventCountry "ITA"]
[SourceTitle "EXT 2024"]
[Source "ChessBase"]
[SourceDate "2023.10.10"]
[SourceVersion "1"]
[SourceVersionDate "2023.10.10"]
[SourceQuality "1"]

1. d4 Nf6 2. Nf3 c5 3. d5 d6 4. c4 e5 5. Nc3 g6 6. e4 Bg7 7. Be2 0-0 8. h3 h6 9. 0-0 Nh5 10. Be3 Nf4 11. Kh2 f5 12. Ng1 Nxe2 13. Qxe2 f4 14. Bd2 Nd7 15. g4 Nf6 16. f3 Bd7 17. a3 a5 18. a4 b6 19. Nb5 Bxb5 20. axb5 Qd7 21. Qg2 Kf7 22. Ne2 Nh7 23. Be1 Bf6 24. Bf2 Qe7 25. Ra4 Rh8 26. Rfa1 h5 27. b4 hxg4 28. Qxg4 Ng5 29. Ng1 Rh6 30. bxa5 Rxa5 31. Rxa5 bxa5 32. Rxa5 Qb7 33. Kg2 Bd8 34. Ra6 Kg7 35. Rxd6 Nh7 36. Rd7+ 1-0

[Event "Varese Province-ch"]
[Site "Gallarate"]
[Date "2010.01.30"]
[Round "4"]
[White "Torretta, Gilberto"]
[Black "Schingaro, Angelo"]
[Result "1-0"]
[WhiteElo "1683"]
[BlackElo "1695"]
[PlyCount "58"]
[EventDate "2010.01.23"]
[EventType "swiss"]
[EventRounds "6"]
[EventCountry "ITA"]
[SourceTitle "EXT 2024"]
[Source "ChessBase"]
[SourceDate "2023.10.10"]
[SourceVersion "1"]
[SourceVersionDate "2023.10.10"]
[SourceQuality "1"]

1. e4 c5 2. Nc3 Nc6 3. g3 g6 4. Bg2 Bg7 5. Nge2 e6 6. 0-0 Nge7 7. d3 a6 8. Bg5 d6 9. Qd2 Qc7 10. Rae1 Rb8 11. Nd1 b5 12. c3 0-0 13. f4 f5 14. Nf2 a5 15. g4 Kh8 16. Kh1 b4 17. d4 Ba6 18. Rg1 Bxe2 19. Qxe2 cxd4 20. cxb4 Nxb4 21. exf5 e5 22. fxe5 dxe5 23. Bxe7 Qxe7 24. a3 d3 25. Nxd3 Nxd3 26. Qxd3 gxf5 27. gxf5 Rxb2 28. Qh3 Rf6 29. Bd5 Rh6 1-0

[Event "Varese Province-ch"]
[Site "Gallarate"]
[Date "2010.01.24"]
[Round "3"]
[White "Donghi, Fabio"]
[Black "Torretta, Gilberto"]
[Result "1-0"]
[WhiteElo "1615"]
[BlackElo "1683"]
[PlyCount "101"]
[EventDate "2010.01.23"]
[EventType "swiss"]
[EventRounds "6"]
[EventCountry "ITA"]
[SourceTitle "EXT 2024"]
[Source "ChessBase"]
[SourceDate "2023.10.10"]
[SourceVersion "1"]
[SourceVersionDate "2023.10.10"]
[SourceQuality "1"]

1. e4 e5 2. Nf3 Nc6 3. Bb5 a6 4. Bxc6 dxc6 5. h3 Nf6 6. d3 Bc5 7. 0-0 h6 8. Nbd2 Qe7 9. Nc4 0-0 10. Be3 Be6 11. Bxc5 Qxc5 12. Ne3 Rfd8 13. Nd2 b5 14. Qf3 Rd7 15. Nb3 Qe7 16. Nf5 Bxf5 17. Qxf5 Nh7 18. f4 exf4 19. Rxf4 Rd6 20. Raf1 Rf6 21. Qc5 Qxc5+ 22. Nxc5 Rxf4 23. Rxf4 Nf6 24. g4 a5 25. Nb3 Nd7 26. Nd4 Ne5 27. b3 b4 28. Kg2 c5 29. Nf3 Ng6 30. Rf5 Ne7 31. Rxc5 c6 32. Ne5 Ra6 33. Nc4 a4 34. Ra5 axb3 35. axb3 Rxa5 36. Nxa5 c5 37. Nb7 Nc6 38. Nxc5 Nd4 39. Kf2 Nxc2 40. Ke2 g5 41. Kd2 Nd4 42. e5 Nf3+ 43. Ke3 Nxe5 44. d4 Nc6 45. d5 Ne5 46. Na6 Nd7 47. Kd4 Kg7 48. Nxb4 Kf6 49. Nc6 Kg6 50. Ne5+ Nxe5 51. Kxe5 1-0

[Event "Varese Province-ch"]
[Site "Gallarate"]
[Date "2010.01.23"]
[Round "1"]
[White "Cesarano, Marco"]
[Black "Torretta, Gilberto"]
[Result "1-0"]
[WhiteElo "1818"]
[BlackElo "1683"]
[PlyCount "97"]
[EventDate "2010.01.23"]
[EventType "swiss"]
[EventRounds "6"]
[EventCountry "ITA"]
[SourceTitle "EXT 2024"]
[Source "ChessBase"]
[SourceDate "2023.10.10"]
[SourceVersion "1"]
[SourceVersionDate "2023.10.10"]
[SourceQuality "1"]

1. d4 Nf6 2. Nf3 c5 3. d5 d6 4. c4 g6 5. Nc3 Bg7 6. e4 0-0 7. Be2 Na6 8. 0-0 Nc7 9. Bg5 a6 10. a4 h6 11. Bh4 Nxe4 12. Nxe4 f5 13. Nc3 f4 14. Bd3 g5 15. Bxg5 hxg5 16. Nxg5 Bf5 17. Bxf5 Rxf5 18. Qh5 Rf6 19. Nce4 e5 20. dxe6 Nxe6 21. Nxf6+ Qxf6 22. Nxe6 Qxe6 23. Qd5 Qxd5 24. cxd5 Kf7 25. Rfe1 Be5 26. Ra3 c4 27. Re2 Rb8 28. g3 b5 29. axb5 axb5 30. Ra7+ Kf6 31. Rc7 f3 32. Rd2 Ra8 33. h4 Ra1+ 34. Kh2 Ra2 35. Rc2 c3 36. R7xc3 Bxc3 37. Rxc3 Rxb2 38. Rxf3+ Ke5 39. h5 Kxd5 40. g4 Ke4 41. Rf8 Rc2 42. h6 b4 43. g5 b3 44. h7 b2 45. Rb8 Rxf2+ 46. Kg3 Rf3+ 47. Kg2 Rf8 48. Rxb2 Kf5 49. Rf2+ 1-0